Statystyki dla Odgadnij państwo (dla geomexa)

Kliknij tutaj aby rozwiązać quiz!

Ogólne statystyki

  • Ten quiz został rozwiązany 52 razy
  • Średni wynik to 2 z 15

Statystyki odpowiedzi

HintOdpowiadać% Poprawnych
Nazwa tego kraju jest
Podobna do zombi
Zambia
91%
W tym kraju jest najwyrzszy wskaźnik
aborcji
Indie
39%
Z tego kraju pochodzi
Mia Khalifa
liban
27%
kraj w którym znajduje się
Najwyrzszy wodospad na
Świecie
Wenezuela
18%
W tym kraju prowadzenie
Pojazdu pod dozwolona
liczba promili jest
Nie akceptowalne przez
Mieszkańców
Rumunia
16%
Walutą narodową tego kraju jest LEKAlbania
14%
Jest to pierwszy kraj w Europie
Bez publicznej telewizji
Bośnia i Hercegowina
14%
W kraju tym jest ponad 2000 świątyńBhutan
11%
Prawdopodobnie
W tym kraju powstało
Wino
Gruzja
9%
Ten kraj dostał nazwę od
Góry
Gibraltar
2%
W kraju tym jest wiele nieoznaczonych pól minowychAngola
0%
Czarna herbata to oficjalny napój tego kraju Azerbejdżan
0%
W tym kraju powstała gra
Brawl stars
Finladnia
0%
Łudzie zamieszkiwali ten kraj od ponad 4,5 tysiąca latGrenlandia
0%
Powyżej 18 roku życia każda osoba ma obowiązek
Głosować
kostaryka
0%

Rozkład punktacji

Percentyl według liczby udzielonych odpowiedzi

Procent ludzi z każdym wynikiem

Twoja historia wyników

Nie rozwiązałeś tego quizu